000 00230nam a22000857a 4500
008 160928b xxu||||| |||| 00| 0 eng d
100 _9802
_aWilson.K.etal.
245 _aEnglish Course-4
260 _aNew Delhi
_bS. Chand Publications
_c2012
999 _c3456
_d3456